000 01038nam0a22002171i 4500
001 rc\348483
005 20240723200233.0
035 _a(NLR Aleph) 005591597
090 _a6218375
_c6218375
100 _a20030307d1989 u |0rusy50 ca
101 0 _arus
102 _aRU
105 _ay |||||||||
200 1 _aПроцесс кооперирования крестьянства и значение его различных форм в социалистическом преобразовании сельского хозяйства в переходный период к социализму
_e(На прим. Республики Куба)
_eАвтореф. дис. на соиск. учен. степ. канд. экон. наук
_e(08.00.01)
_fБелорус. гос. ин-т нар. хоз-ва им. В.В. Куйбышева
210 _aМинск
_d1989
215 _a23 с.
700 1 _aКрус Рейес
_bХ.
_gХесус
801 0 _aRU
_bNLR
_gpsbo
801 1 _aRU
_bELAR
_2rusmarc
852 _aNLR
_jА90/2729
942 _cBOOK